000 00710nam a2200193Ia 4500
003 GCL
008 140319s9999 xx 000 0 ara d
040 _aGCL /
_cGCL
082 0 4 _a330.12962
_bك ا
100 1 _aكريمة كريم
245 1 0 _aالاقتصاد المصرى:التحديات والسياسات من المنظورين الاسلامى والوضعى /
_cكريمة كريم
300 _a346 ص
490 _aالهيئة العامة للاستعلامات
_v0
650 0 4 _aالاقتصاد الاسلامى
650 0 4 _aالاقتصاد - مصر
650 0 4 _aمصر - الاحوال الاقتصادية
650 0 4 _aمصر - التخطيط الاقتصادى
942 _2ddc
_cBK
999 _c52195
_d52195